| 000 | 00617cam a2200229 a 4500 | ||
|---|---|---|---|
| 001 | 2053237 | ||
| 003 | OSt | ||
| 005 | 20160310094235.0 | ||
| 008 | 931214s1994 nyu 000 1 eng | ||
| 010 | _a 93047589 | ||
| 020 | _a0399139338 (acidfree paper) : | ||
| 040 | _aSEKU | ||
| 050 | 0 | 0 |
_aPR 6058 _b.H5 |
| 082 | 0 | 0 |
_a823/.914 _220 |
| 100 | 1 |
_aHiggins, Jack, _d1929- |
|
| 245 | 1 | 0 |
_aOn dangerous ground / _cJack Higgins. |
| 260 |
_aNew York : _bG.P. Putnam's Sons, _c1994. |
||
| 300 |
_a304 p. ; _c24 cm. |
||
| 651 | 0 |
_aHong Kong (China) _xFiction. |
|
| 655 | 7 |
_aAdventure stories. _2gsafd |
|
| 942 |
_2lcc _cGEN |
||
| 999 |
_c11952 _d11952 |
||